000 01220nam a22001937a 4500
005 20260123083149.0
008 230713b ||||| |||| 00| 0 eng d
040 _cSSBUL
_dSSBUL
082 _223
_a၃၉၀.၀၉၅၉၁ အောင် ၁၆၀၃၆ (S-SAT)
100 _aအောင်သိန်း၊
_cဆင်ဖြူကျွန်း။
_914537
245 _aကျေးလက်ရိုးရာမြန်မာမှုဓလေ့များ /
_cဆင်ဖြူကျွန်းအောင်သိန်း။
260 _aရန်ကုန်၊
_bစာပေဗိမာန်၊
_c၁၉၉၀။
300 _a၁၅၅ စာမျက်နှာ၊
_bရုပ်ပုံများ၊
_c၁၈ စင်တီ။
440 _aစာပေဗိမာန်ထုတ်ပြည်သူ့လက်စွဲစာစဉ်။
_927757
500 _aS-SAT: Dr. Prof Sai Aung Tun
651 _aမြန်မာနိုင်ငံ
_xယဉ်ကျေးမှုနှင့်ဓလေ့ထုံးစံ။
_927922
651 _aမြန်မာနိုင်ငံ
_xလူနေမှုဘဝနှင့်ဓလေ့ထုံးစံ။
_98928
942 _2ddc
_cBK1
999 _c27160
_d27160